Microeconomic theory and applications/ (Record no. 9132)

MARC details
000 -LEADER
fixed length control field 00551nam a22002057a 4500
003 - CONTROL NUMBER IDENTIFIER
control field OSt
005 - DATE AND TIME OF LATEST TRANSACTION
control field 20240710100936.0
008 - FIXED-LENGTH DATA ELEMENTS--GENERAL INFORMATION
fixed length control field 240710b |||||||| |||| 00| 0 eng d
020 ## - INTERNATIONAL STANDARD BOOK NUMBER
International Standard Book Number 9780673521422
040 ## - CATALOGING SOURCE
Transcribing agency MUST
082 ## - DEWEY DECIMAL CLASSIFICATION NUMBER
Edition number 22
Classification number 338.5 BRO 1992
100 ## - MAIN ENTRY--PERSONAL NAME
Personal name Browning, Edgar K
9 (RLIN) 18588
245 ## - TITLE STATEMENT
Title Microeconomic theory and applications/
Statement of responsibility, etc. Edgar K Browning
250 ## - EDITION STATEMENT
Edition statement 4th ed
300 ## - PHYSICAL DESCRIPTION
Extent xxiv, 719p.
Other physical details ill.
Dimensions 24cm
504 ## - BIBLIOGRAPHY, ETC. NOTE
Bibliography, etc includes index
650 ## - SUBJECT ADDED ENTRY--TOPICAL TERM
Source of heading or term microeconomics
700 ## - ADDED ENTRY--PERSONAL NAME
Personal name Browning, Jacquelene M
9 (RLIN) 18589
942 ## - ADDED ENTRY ELEMENTS (KOHA)
Source of classification or shelving scheme Dewey Decimal Classification
Koha item type Open Shelf
Holdings
Withdrawn status Lost status Source of classification or shelving scheme Damaged status Not for loan Home library Current library Date acquired Source of acquisition Inventory number Total Checkouts Full call number Barcode Date last seen Price effective from Koha item type
    Other/Generic Classification Scheme     MUST Main Library MUST Main Library 10/07/2024 Purchase 05/25098   338.5 BRO 1992 2024-21889 10/07/2024 10/07/2024 Open Shelf